[Event "Rio de Janeiro Duchamp op 5th"]
[Site "Rio de Janeiro"]
[Date "2024.12.03"]
[Round "3"]
[White "Brito, Vicente de Paulo Al"]
[Black "Gomes, Carlos"]
[Result "1-0"]
[WhiteElo "1864"]
[BlackElo "1706"]
[PlyCount "85"]
[EventDate "2024.12.02"]
[EventType "swiss"]
[EventRounds "9"]
[EventCountry "BRA"]
[SourceTitle "CB50_2024"]
[SourceDate "2024.11.01"]
[SourceVersion "1"]
[SourceVersionDate "2024.11.01"]
[SourceQuality "2"]

1. d4 d5 2. Nc3 Nf6 3. Bf4 a6 4. e3 Bf5 5. f3 h6 6. g4 Bh7 7. Bd3 Bxd3 8. Qxd3 e6 9. Nge2 Bd6 10. 0-0-0 Bxf4 11. Nxf4 Nbd7 12. h4 Qe7 13. g5 Ng8 14. g6 Ngf6 15. gxf7+ Qxf7 16. Ng6 Rg8 17. Ne5 Nxe5 18. dxe5 Nd7 19. f4 0-0-0 20. Kb1 g6 21. Rhf1 Kb8 22. Ka1 Qf5 23. e4 dxe4 24. Qxe4 Qxe4 25. Nxe4 Kc8 26. b3 Rgf8 27. Rf2 Rf7 28. Rg1 Rg7 29. Rfg2 Rh8 30. Nf6 Nxf6 31. exf6 Rf7 32. Rxg6 Rhf8 33. Rxh6 Rxf6 34. Rxf6 Rxf6 35. Rg4 Rf5 36. Kb2 e5 37. fxe5 Rxe5 38. Rg2 Rh5 39. Rh2 Kd7 40. Kc3 Ke6 41. Kd4 c6 42. Re2+ Kd6 43. Re4 1-0

[Event "Araraquara op"]
[Site "Araraquara"]
[Date "2023.02.20"]
[Round "3.43"]
[White "Gomes, Carlos"]
[Black "Vogado, Hugo Leonardo Falca"]
[Result "0-1"]
[WhiteElo "1532"]
[BlackElo "1800"]
[PlyCount "66"]
[EventDate "2023.02.19"]
[EventType "swiss"]
[EventRounds "6"]
[EventCountry "BRA"]
[SourceTitle "CBM 213 Extra"]
[Source "ChessBase"]
[SourceDate "2023.05.31"]
[SourceVersion "1"]
[SourceVersionDate "2023.05.31"]
[SourceQuality "1"]

1. e4 c5 2. Nf3 Nc6 3. d4 cxd4 4. Nxd4 e5 5. Nb5 d6 6. N1c3 a6 7. Na3 Be6 8. Bc4 Nf6 9. Bxe6 fxe6 10. Nab1 Be7 11. 0-0 0-0 12. Bg5 Nd7 13. Bxe7 Qxe7 14. Nd2 Nd4 15. Ne2 Nxe2+ 16. Qxe2 Rac8 17. Rac1 d5 18. c4 d4 19. a3 a5 20. Qd1 b6 21. Rb1 Nc5 22. Qc2 a4 23. b4 axb3 24. Nxb3 Rfd8 25. f3 Qd6 26. Rfc1 Na4 27. Ra1 Nc3 28. Qd3 Ra8 29. h3 Ra4 30. Kh2 Qc7 31. c5 bxc5 32. Nxc5 Qxc5 33. Rxc3 Qxc3 0-1

[Event "Florianopolis op 9th"]
[Site "Florianopolis"]
[Date "2023.01.29"]
[Round "10"]
[White "Gomes, Carlos"]
[Black "Kazuhiro Shikasho, Erik"]
[Result "0-1"]
[WhiteElo "1537"]
[BlackElo "1886"]
[PlyCount "46"]
[EventDate "2023.01.23"]
[EventType "swiss"]
[EventRounds "10"]
[EventCountry "BRA"]
[SourceTitle "CBM 212 Extra"]
[Source "ChessBase"]
[SourceDate "2023.03.31"]
[SourceVersion "1"]
[SourceVersionDate "2023.03.31"]
[SourceQuality "1"]

1. e4 c5 2. Nf3 d6 3. d4 cxd4 4. Nxd4 Nf6 5. Nc3 a6 6. Bc4 e6 7. Bb3 Nbd7 8. Qe2 Nc5 9. a3 Be7 10. Bc4 0-0 11. 0-0 Re8 12. Nb3 b5 13. Bd3 Bb7 14. f3 Qc7 15. Qd1 Rad8 16. Re1 Nxb3 17. cxb3 d5 18. exd5 Nxd5 19. Bd2 Bd6 20. h3 Bg3 21. Rf1 Nxc3 22. Bxc3 Qc5+ 23. Kh1 Qe3 0-1

[Event "BRA Amateur-ch U1800"]
[Site "Sao Paulo"]
[Date "2022.11.04"]
[Round "4"]
[White "Canonico, Rodrigo"]
[Black "Gomes, Carlos"]
[Result "1-0"]
[WhiteElo "1709"]
[BlackElo "1532"]
[PlyCount "261"]
[EventDate "2022.11.03"]
[EventType "swiss"]
[EventRounds "7"]
[EventCountry "BRA"]
[SourceTitle "CBM 211 Extra"]
[Source "ChessBase"]
[SourceDate "2023.01.31"]
[SourceVersion "1"]
[SourceVersionDate "2023.01.31"]
[SourceQuality "1"]

1. e4 e5 2. Nc3 Nc6 3. f4 d6 4. Nf3 g6 5. Bb5 Bg7 6. Bxc6+ bxc6 7. fxe5 dxe5 8. 0-0 Ne7 9. d3 0-0 10. Bg5 Be6 11. Qe1 f6 12. Be3 Nc8 13. Qh4 f5 14. Bg5 Qe8 15. Bh6 Bd7 16. Bxg7 Kxg7 17. exf5 Rxf5 18. Ng5 h6 19. Rxf5 Bxf5 20. Nge4 Qe7 21. Qg3 Nd6 22. Re1 Nf7 23. Rf1 Kh7 24. Qf3 Rf8 25. g4 Bd7 26. Nf6+ Kg7 27. Nxd7 Qxd7 28. Qf6+ Kh7 29. h3 Qd6 30. Qf3 Kg7 31. Ne4 Ng5 32. Qxf8+ Qxf8 33. Rxf8 Kxf8 34. Nxg5 hxg5 35. Kf2 Ke7 36. Ke3 c5 37. Ke4 Kd6 38. c3 a5 39. b3 c6 40. d4 cxd4 41. cxd4 exd4 42. Kxd4 c5+ 43. Kc4 Kc6 44. a3 Kb6 45. Kd5 Kb5 46. Ke6 c4 47. bxc4+ Kxc4 48. Kf6 Kb3 49. Kxg6 Kxa3 50. Kxg5 Kb3 51. Kh6 a4 52. g5 a3 53. g6 a2 54. g7 a1Q 55. g8Q+ Kb4 56. Qb8+ Kc5 57. Qc7+ Kd5 58. Qd7+ Ke4 59. Qe6+ Kf3 60. Qf5+ Ke3 61. Qg5+ Ke4 62. Qg6+ Kd5 63. Qg8+ Ke4 64. Qg2+ Kd3 65. Qf3+ Kc4 66. Qc6+ Kd3 67. Qd5+ Ke3 68. Qb3+ Ke4 69. Qe6+ Kd3 70. Qg6+ Kc4 71. h4 Qh8+ 72. Kg5 Qe5+ 73. Qf5 Qg7+ 74. Qg6 Qe5+ 75. Kh6 Qh8+ 76. Kg5 Qe5+ 77. Qf5 Qg7+ 78. Kf4 Qh6+ 79. Kg4 Qg7+ 80. Qg5 Qd7+ 81. Kh5 Qh7+ 82. Kg4 Qd7+ 83. Kg3 Qd3+ 84. Kf4 Qd4+ 85. Kf5 Qd5+ 86. Kg6 Qg8+ 87. Kf6 Qd8+ 88. Kf7 Qd7+ 89. Qe7 Qf5+ 90. Kg7 Qg4+ 91. Kf8 Qc8+ 92. Kf7 Qf5+ 93. Kg8 Qg4+ 94. Kh8 Qc8+ 95. Kh7 Qf5+ 96. Kh6 Qf4+ 97. Qg5 Qf8+ 98. Kh7 Qf7+ 99. Kh8 Kb4 100. Qd2+ Kb3 101. Qd1+ Kb2 102. Qd4+ Kc2 103. Qc5+ Kb3 104. h5 Qf6+ 105. Kg8 Qe6+ 106. Kf8 Qh6+ 107. Ke8 Qh8+ 108. Kd7 Qg7+ 109. Qe7 Qd4+ 110. Qd6 Qg7+ 111. Kc6 Qc3+ 112. Kb5 Qc4+ 113. Kb6 Qe4 114. h6 Qe3+ 115. Kb5 Qe2+ 116. Kc5 Qe3+ 117. Kc6 Qc3+ 118. Kd7 Qh8 119. Qe6+ Kc2 120. Qg6+ Kb3 121. Qg7 Qa8 122. Qf7+ Kc3 123. Qg7+ Kb4 124. Qe7+ Kc3 125. h7 Qb7+ 126. Ke6 Qe4+ 127. Kf6 Qf4+ 128. Kg7 Qg4+ 129. Kf8 Qc8+ 130. Kf7 Qc4+ 131. Qe6 1-0

[Event "BRA-ch Amateur U1600"]
[Site "Sao Paulo"]
[Date "2022.06.19"]
[Round "7"]
[White "Da Costa, Mariana Nara Santan"]
[Black "Gomes, Carlos"]
[Result "1-0"]
[WhiteElo "1387"]
[BlackElo "1571"]
[PlyCount "85"]
[EventDate "2022.06.16"]
[EventType "swiss"]
[EventRounds "7"]
[EventCountry "BRA"]
[SourceTitle "CBM 208 Extra"]
[Source "ChessBase"]
[SourceDate "2022.07.31"]
[SourceVersion "1"]
[SourceVersionDate "2022.07.31"]
[SourceQuality "1"]

1. d4 Nf6 2. Bg5 h6 3. Bxf6 exf6 4. Nf3 d5 5. e3 c6 6. Bd3 Be6 7. Ng1 Bd6 8. Ne2 Nd7 9. 0-0 Qc7 10. h3 f5 11. Nd2 Nf6 12. c4 0-0 13. c5 Be7 14. Nf4 g6 15. Nf3 Nd7 16. Nd2 Bg5 17. Ne2 Kh7 18. Nf3 Be7 19. Qc2 Kg7 20. b4 b6 21. Rfc1 b5 22. a4 a6 23. Ra2 Rab8 24. axb5 axb5 25. Rca1 Rfc8 26. Ra7 Qd8 27. Qa2 Rc7 28. Rxc7 Qxc7 29. Qa7 Qxa7 30. Rxa7 Rc8 31. Nf4 Kf6 32. Ne5 Nb8 33. Ra8 h5 34. Nxe6 fxe6 35. Nxc6 Rxc6 36. Rxb8 Ra6 37. Bxb5 Ra1+ 38. Kh2 Rb1 39. Bd7 e5 40. Rb6+ Kg5 41. dxe5 f4 42. h4+ Kxh4 43. Rxg6 1-0

[Event "BRA-ch Amateur U1600"]
[Site "Sao Paulo"]
[Date "2022.06.17"]
[Round "4"]
[White "Gomes, Carlos"]
[Black "Conrado, Carlos Alberto"]
[Result "0-1"]
[WhiteElo "1571"]
[BlackElo "1455"]
[PlyCount "92"]
[EventDate "2022.06.16"]
[EventType "swiss"]
[EventRounds "7"]
[EventCountry "BRA"]
[SourceTitle "CBM 208 Extra"]
[Source "ChessBase"]
[SourceDate "2022.07.31"]
[SourceVersion "1"]
[SourceVersionDate "2022.07.31"]
[SourceQuality "1"]

1. e4 c6 2. d4 d5 3. exd5 cxd5 4. Bd3 Nc6 5. Nf3 Bg4 6. c3 e6 7. Nbd2 Bd6 8. Nf1 Nf6 9. Ng3 Qc7 10. 0-0 0-0 11. h3 Bxf3 12. Qxf3 e5 13. dxe5 Nxe5 14. Qd1 Nxd3 15. Qxd3 Rfe8 16. Bg5 Bxg3 17. Bxf6 Bh2+ 18. Kh1 gxf6 19. g3 Bxg3 20. fxg3 Qe5 21. Rf4 Re6 22. Rh4 f5 23. Rf1 Rg6 24. Rhf4 Rf8 25. Kh2 Re8 26. Qxf5 Qxf5 27. Rxf5 Re2+ 28. R1f2 Rxf2+ 29. Rxf2 Re6 30. Kg2 Re5 31. Kf1 Kg7 32. Rf3 Kg6 33. Kf2 f5 34. Rd3 Kf6 35. Rd4 b5 36. Rb4 a6 37. a4 Re4 38. Rd4 Ke5 39. axb5 axb5 40. Rd2 b4 41. Re2 bxc3 42. bxc3 Rxe2+ 43. Kxe2 Ke4 44. Kd2 Kf3 45. g4 f4 46. g5 Kg2 0-1

[Event "BRA-ch Amateur U1600"]
[Site "Sao Paulo"]
[Date "2022.06.16"]
[Round "1"]
[White "Crismanis Teles, Jose Henrique"]
[Black "Gomes, Carlos"]
[Result "0-1"]
[WhiteElo "1163"]
[BlackElo "1571"]
[PlyCount "92"]
[EventDate "2022.06.16"]
[EventType "swiss"]
[EventRounds "7"]
[EventCountry "BRA"]
[SourceTitle "CBM 208 Extra"]
[Source "ChessBase"]
[SourceDate "2022.07.31"]
[SourceVersion "1"]
[SourceVersionDate "2022.07.31"]
[SourceQuality "1"]

1. d4 Nf6 2. c4 e6 3. Nf3 c6 4. e3 d5 5. Nc3 Be7 6. Bd3 0-0 7. 0-0 Nbd7 8. cxd5 exd5 9. Qc2 h6 10. Bd2 Re8 11. a3 Bd6 12. Rfe1 Qc7 13. h3 Nf8 14. b4 Bd7 15. e4 dxe4 16. Nxe4 Nxe4 17. Bxe4 Bf4 18. d5 Bxd2 19. Nxd2 Rac8 20. Rac1 Qf4 21. dxc6 Bxc6 22. Bxc6 Rxe1+ 23. Rxe1 Rxc6 24. Qb2 Ne6 25. g3 Qf5 26. g4 Qc2 27. Qxc2 Rxc2 28. Ne4 Rc7 29. h4 Kf8 30. g5 h5 31. Rd1 Ke7 32. Re1 Kd8 33. Nd6 a6 34. Nxf7+ Rxf7 35. Rxe6 Kd7 36. Rb6 Kc7 37. g6 Re7 38. Rf6 gxf6 39. f4 f5 40. a4 Rg7 41. Kf2 Rxg6 42. b5 Re6 43. Kf3 a5 44. Kg3 b6 45. Kf3 Kd6 46. Kg3 Kc5 0-1

[Event "Joao Pessoa Fischer Memorial 11th"]
[Site "Joao Pessoa"]
[Date "2022.05.07"]
[Round "4"]
[White "Gomes, Carlos"]
[Black "Arruda Filho, Ivo Pereira de"]
[Result "1-0"]
[WhiteElo "1549"]
[BlackElo "1734"]
[PlyCount "114"]
[EventDate "2022.05.06"]
[EventType "swiss"]
[EventRounds "6"]
[EventCountry "BRA"]
[SourceTitle "EXT 2023"]
[Source "ChessBase"]
[SourceDate "2022.10.05"]
[SourceVersion "1"]
[SourceVersionDate "2022.10.05"]
[SourceQuality "1"]

1. e4 c5 2. Nf3 d6 3. d4 cxd4 4. Nxd4 Nf6 5. Nc3 a6 6. Be2 Nbd7 7. 0-0 Qc7 8. Kh1 b5 9. f3 Bb7 10. Be3 Rc8 11. Rc1 e6 12. Qd2 Be7 13. Nd1 0-0 14. c3 Nb6 15. Qe1 Nc4 16. Bg1 Nd7 17. Bd3 Nde5 18. Bb1 Nc6 19. Nxc6 Bxc6 20. Bd3 Bb7 21. Qe2 e5 22. Ne3 Bg5 23. Rc2 Nb6 24. Rd1 Rcd8 25. Qf2 Bxe3 26. Qxe3 Nc8 27. c4 b4 28. b3 a5 29. Rcd2 Qe7 30. Bf2 Bc6 31. Bc2 Rfe8 32. Qe1 Rf8 33. Re2 Qc7 34. Qg1 Ba8 35. Bh4 f6 36. Bf2 Rd7 37. Red2 Rfd8 38. Rd3 g5 39. R1d2 g4 40. Qd1 Qc6 41. Re3 Rg7 42. fxg4 Qd7 43. Rg3 Kh8 44. Qf3 Qb7 45. Qd1 Rdg8 46. h3 h5 47. Kh2 hxg4 48. Rxg4 Rxg4 49. hxg4 Qh7+ 50. Kg3 Bxe4 51. Bxe4 Qxe4 52. Qf3 Qg6 53. Rd1 Ne7 54. Rh1+ Kg7 55. Qb7 Kf7 56. Rh4 f5 57. Kf3 Rg7 1-0

[Event "Joao Pessoa Fischer Memorial 11th"]
[Site "Joao Pessoa"]
[Date "2022.05.06"]
[Round "1"]
[White "Soares, Paulo Henrique Dos"]
[Black "Gomes, Carlos"]
[Result "1-0"]
[WhiteElo "1935"]
[BlackElo "1549"]
[PlyCount "81"]
[EventDate "2022.05.06"]
[EventType "swiss"]
[EventRounds "6"]
[EventCountry "BRA"]
[SourceTitle "EXT 2023"]
[Source "ChessBase"]
[SourceDate "2022.10.05"]
[SourceVersion "1"]
[SourceVersionDate "2022.10.05"]
[SourceQuality "1"]

1. Nc3 c5 2. f4 Nc6 3. Nf3 d6 4. d4 cxd4 5. Nxd4 Bd7 6. Nb3 f5 7. e4 Nf6 8. Bd3 fxe4 9. Nxe4 e6 10. Be3 Nb4 11. 0-0 Nxd3 12. Qxd3 Nxe4 13. Qxe4 Qc7 14. Bd4 Qc6 15. Qe2 b6 16. f5 e5 17. Qh5+ Kd8 18. Be3 Be7 19. Bg5 Bxg5 20. Qxg5+ Kc7 21. Rf3 Kb7 22. Rd1 d5 23. Qxg7 e4 24. Nd4 Qd6 25. Qg3 Qxg3 26. Rxg3 Raf8 27. Rg7 Kc8 28. Rf1 Rf6 29. g4 h6 30. Kf2 Rhf8 31. Ke3 R8f7 32. Rxf7 Rxf7 33. Kf4 Re7 34. f6 Rf7 35. g5 hxg5+ 36. Kxg5 Kd8 37. h4 Ke8 38. h5 Kf8 39. Nf5 Bxf5 40. Rxf5 Rd7 41. Re5 1-0

[Event "Florianopolis op 8th"]
[Site "Florianopolis"]
[Date "2022.01.27"]
[Round "5"]
[White "Gomes, Carlos"]
[Black "Nunes, Agatha Hurba"]
[Result "0-1"]
[WhiteElo "1554"]
[BlackElo "1828"]
[PlyCount "52"]
[EventDate "2022.01.24"]
[EventType "swiss"]
[EventRounds "10"]
[EventCountry "BRA"]
[SourceTitle "CBM 206 Extra"]
[Source "ChessBase"]
[SourceDate "2022.03.31"]
[SourceVersion "1"]
[SourceVersionDate "2022.03.31"]
[SourceQuality "1"]

1. e4 e6 2. d3 d5 3. Nd2 Nf6 4. Ngf3 c5 5. c3 Nc6 6. g3 Be7 7. Bg2 0-0 8. 0-0 b5 9. Qc2 Qb6 10. Re1 a5 11. Nf1 Bb7 12. Bg5 d4 13. cxd4 cxd4 14. e5 Nd5 15. Bxe7 Ndxe7 16. Nh4 Rac8 17. Qd2 Rc7 18. Rac1 Rfc8 19. a3 Ba6 20. b4 axb4 21. axb4 Nxe5 22. Rxc7 Qxc7 23. Nf3 Nxf3+ 24. Bxf3 Bb7 25. Bxb7 Qxb7 26. Rc1 Nd5 0-1

[Event "Florianopolis op 8th"]
[Site "Florianopolis"]
[Date "2022.01.26"]
[Round "4"]
[White "Dos Santos, Gustavo Mota"]
[Black "Gomes, Carlos"]
[Result "1/2-1/2"]
[WhiteElo "1782"]
[BlackElo "1554"]
[PlyCount "89"]
[EventDate "2022.01.24"]
[EventType "swiss"]
[EventRounds "10"]
[EventCountry "BRA"]
[SourceTitle "EXT 2023"]
[Source "ChessBase"]
[SourceDate "2022.10.05"]
[SourceVersion "1"]
[SourceVersionDate "2022.10.05"]
[SourceQuality "1"]

1. e4 e5 2. Nf3 Nf6 3. Nxe5 d6 4. Nf3 Nxe4 5. Nc3 Nxc3 6. dxc3 Be7 7. Be3 0-0 8. Bd3 Nd7 9. Qd2 Ne5 10. Nxe5 dxe5 11. 0-0-0 c6 12. h4 Qa5 13. Kb1 Be6 14. b3 Rad8 15. Qe1 e4 16. Bxe4 Rxd1+ 17. Qxd1 f5 18. Bf3 Qxc3 19. Bd4 Qb4 20. Qe1 Qxd4 21. Qxe6+ Rf7 22. Rd1 Qf6 23. Qxf6 Bxf6 24. Be2 Rc7 25. h5 g6 26. g4 fxg4 27. hxg6 hxg6 28. Bxg4 Kf7 29. f4 Re7 30. f5 gxf5 31. Bxf5 Bc3 32. a4 Re1 33. Rxe1 Bxe1 34. Kb2 Ke7 35. c3 a5 36. Kc2 Kd6 37. Kd3 Kd5 38. Bc8 b6 39. Bd7 Kd6 40. Be8 c5 41. Bf7 Kc6 42. Kc4 Kb7 43. Bd5+ Ka7 44. Bf3 Bd2 45. Bd5 1/2-1/2

[Event "Florianopolis op 8th"]
[Site "Florianopolis"]
[Date "2022.01.24"]
[Round "1"]
[White "Gomes, Carlos"]
[Black "Lage, Pedro Ferreira"]
[Result "0-1"]
[WhiteElo "1554"]
[BlackElo "2112"]
[PlyCount "84"]
[EventDate "2022.01.24"]
[EventType "swiss"]
[EventRounds "10"]
[EventCountry "BRA"]
[SourceTitle "CBM 206 Extra"]
[Source "ChessBase"]
[SourceDate "2022.03.31"]
[SourceVersion "1"]
[SourceVersionDate "2022.03.31"]
[SourceQuality "1"]

1. e4 c5 2. c3 d5 3. exd5 Qxd5 4. Nf3 Nc6 5. Be2 e5 6. Qb3 Qxb3 7. axb3 Bd6 8. d3 Be6 9. Nbd2 f6 10. 0-0 Nge7 11. Nc4 Bc7 12. Be3 b6 13. Bd2 0-0 14. b4 cxb4 15. cxb4 Rfd8 16. Bc3 b5 17. Na5 Bxa5 18. bxa5 Nd5 19. Bd2 Ndb4 20. Bxb4 Nxb4 21. Rfd1 Rac8 22. Ne1 Nc2 23. Rac1 Nd4 24. Bf1 Bb3 25. Rxc8 Rxc8 26. Ra1 Kf7 27. f3 Ke6 28. Kf2 Kd5 29. Be2 Rc6 30. g3 g5 31. Ng2 Ke6 32. Ne1 f5 33. h3 f4 34. g4 Kd5 35. Kf1 Rh6 36. Bd1 Rxh3 37. Bxb3+ Nxb3 38. Ra3 Nd4 39. Kg2 Rh6 40. b3 Rc6 41. b4 Rc1 42. Kf2 Rxe1 0-1

[Event "Florianopolis op 09"]
[Site "Florianopolis"]
[Date "2021.09.25"]
[Round "3"]
[White "Dias, Anderson Tatsch"]
[Black "Gomes, Carlos"]
[Result "1-0"]
[WhiteElo "2115"]
[BlackElo "1561"]
[PlyCount "65"]
[EventDate "2021.09.24"]
[EventType "swiss"]
[EventRounds "6"]
[EventCountry "BRA"]
[SourceTitle "EXT 2024"]
[Source "ChessBase"]
[SourceDate "2023.10.10"]
[SourceVersion "1"]
[SourceVersionDate "2023.10.10"]
[SourceQuality "1"]

1. d4 d5 2. c4 c6 3. cxd5 cxd5 4. Nc3 Nf6 5. Nf3 Nc6 6. e3 a6 7. Ne5 Qc7 8. f4 e6 9. Bd3 Bb4 10. Bd2 Bxc3 11. Bxc3 Qe7 12. a3 Ne4 13. 0-0 0-0 14. Bxe4 dxe4 15. Nxc6 bxc6 16. Bb4 Qb7 17. Bxf8 Kxf8 18. b4 f5 19. Qc2 Bd7 20. Qc5+ Kf7 21. Rfc1 Rb8 22. Qe5 Rd8 23. Rc5 Bc8 24. Rac1 Rd5 25. Rxc6 Rxe5 26. Rc7+ Ke8 27. Rxb7 Bxb7 28. dxe5 Kd7 29. Kf2 h6 30. g3 Bc6 31. Rc5 Kc7 32. Ke2 Kb6 33. Kd2 1-0

[Event "Florianopolis op 7th"]
[Site "Florianopolis"]
[Date "2021.01.19"]
[Round "2"]
[White "Gomes, Carlos"]
[Black "Silva, Janderson Rossi Da"]
[Result "0-1"]
[WhiteElo "1569"]
[BlackElo "1862"]
[PlyCount "96"]
[EventDate "2021.01.18"]
[EventType "swiss"]
[EventRounds "10"]
[EventCountry "BRA"]
[SourceTitle "CBM 200 Extra"]
[Source "ChessBase"]
[SourceDate "2021.03.31"]
[SourceVersion "1"]
[SourceVersionDate "2021.03.31"]
[SourceQuality "1"]

1. e4 c5 2. Nf3 d6 3. d4 cxd4 4. Nxd4 Nf6 5. Nc3 a6 6. Be2 e5 7. Nb3 Be6 8. Bf3 Be7 9. Nd5 Nxd5 10. exd5 Bf5 11. Qe2 Nd7 12. Be4 Bxe4 13. Qxe4 Nf6 14. Qd3 Rc8 15. Be3 Qc7 16. c3 0-0 17. 0-0 Nd7 18. Rac1 f5 19. f3 Nb6 20. Nd2 Nc4 21. Nxc4 Qxc4 22. Qxc4 Rxc4 23. Rcd1 Rfc8 24. Bb6 Bd8 25. Bxd8 Rxd8 26. Rd2 b5 27. a3 Kf7 28. Re1 Kf6 29. Kf2 g5 30. h3 h5 31. g3 a5 32. Ke2 a4 33. Red1 Rf8 34. Kf2 Kg6 35. Kg2 h4 36. gxh4 Rxh4 37. Rh1 Rfh8 38. Rdd1 Kf6 39. Rh2 g4 40. fxg4 fxg4 41. Rdh1 Rxh3 42. Rxh3 gxh3+ 43. Kh2 Kf5 44. Rf1+ Ke4 45. Rd1 Kf3 46. Rf1+ Ke2 47. Rf6 e4 48. Rxd6 e3 0-1

[Event "Sao Jose dos Campos IRT op"]
[Site "Sao Jose dos Campos"]
[Date "2020.12.20"]
[Round "5"]
[White "Alves, Danilo Vieira"]
[Black "Gomes, Carlos"]
[Result "1-0"]
[WhiteElo "1816"]
[BlackElo "1575"]
[PlyCount "87"]
[EventDate "2020.12.18"]
[EventType "swiss"]
[EventRounds "5"]
[EventCountry "BRA"]
[SourceTitle "EXT 2022"]
[Source "ChessBase"]
[SourceDate "2021.10.06"]
[SourceVersion "1"]
[SourceVersionDate "2021.10.06"]
[SourceQuality "1"]

1. d4 Nf6 2. Nf3 e6 3. g3 Be7 4. Bg2 0-0 5. 0-0 d5 6. c4 c6 7. Nbd2 Nbd7 8. Qc2 Re8 9. e4 Nxe4 10. Nxe4 dxe4 11. Qxe4 Nf6 12. Qc2 Qc7 13. Bf4 Bd6 14. Bxd6 Qxd6 15. c5 Qc7 16. b4 h6 17. a4 a6 18. Qb2 Bd7 19. Ne5 Rad8 20. h4 Re7 21. Ra3 Be8 22. g4 Nd5 23. g5 h5 24. Be4 Nf4 25. Rf3 Ng6 26. Bxg6 fxg6 27. Re1 Bf7 28. Re4 Be8 29. Qb3 Rd5 30. Qe3 Rxe5 31. Rxe5 Bf7 32. b5 axb5 33. axb5 Qd7 34. b6 Re8 35. Qf4 Re7 36. Ra3 Re8 37. Ra7 Rd8 38. Re4 Rc8 39. Qe5 Kf8 40. Kh2 Ke7 41. Qxg7 Kd8 42. Rf4 Ke8 43. Rxb7 Qxb7 44. Qh8+ 1-0